LEADER 01051nam a2200289 i 4500 001 991000921089707536 005 20020507103238.0 008 951212s1952 us ||| | eng 035 $ab10148437-39ule_inst 035 $aLE00639157$9ExL 040 $aDip.to Fisica$bita 084 $a53.4.61 084 $a53.4.63 084 $a541.2 084 $aQC786 100 1 $aEdlund, Milton C.$0924 245 14$aThe elements of nuclear reactor theory /$cMilton C. Edlund, Samuel Glasstone 260 $aPrinceton, NJ :$bD. Van Nostrand Company,$c1952 300 $avii, 416 p. :$bill. ;$c24 cm. 650 4$aNuclear reactors 700 1 $aGlasstone, Samuel$eauthor$4http://id.loc.gov/vocabulary/relators/aut$0923 907 $a.b10148437$b21-09-06$c27-06-02 912 $a991000921089707536 945 $aLE006 53.4.6+53.0.67 GLA$g1$i2006000064675$lle006$o-$pE0.00$q-$rl$s- $t0$u9$v0$w9$x0$y.i10176895$z27-06-02 996 $aElements of nuclear reactor theory$9107975 997 $aUNISALENTO 998 $ale006$b01-01-95$cm$da $e-$feng$gus $h4$i1 LEADER 01859nam 2200565 a 450 001 9910777915303321 005 20221108065938.0 010 $a1-58983-435-6 024 7 $a2027/heb07790 035 $a(CKB)1000000000785675 035 $a(dli)HEB07790 035 $a(SSID)ssj0000191734 035 $a(PQKBManifestationID)11168213 035 $a(PQKBTitleCode)TC0000191734 035 $a(PQKBWorkID)10184042 035 $a(PQKB)11399750 035 $a(MiAaPQ)EBC3118187 035 $a(Au-PeEL)EBL3118187 035 $a(CaPaEBR)ebr10286048 035 $a(OCoLC)922967997 035 $a(MiU)MIU01000000000000007383652 035 $a(EXLCZ)991000000000785675 100 $a20081017d2008 uy 0 101 0 $aeng 135 $aurmnummmmuuuu 181 $ctxt 182 $cc 183 $acr 200 10$aLibanius's Progymnasmata$b[electronic resource] $emodel exercises in Greek prose composition and rhetoric /$ftranslated with an introduction and notes by Craig A. Gibson 210 $aAtlanta $cSociety of Biblical Literature$dc2008 215 $a1 online resource (xxix, 572 p. ) 225 1 $aWritings from the Greco-Roman world ;$vv. 27 300 $aBibliographic Level Mode of Issuance: Monograph 311 $a1-58983-360-0 320 $aIncludes bibliographical references (p. 533-539) and indexes. 410 0$aWritings from the Greco-Roman world ;$vv. 27. 606 $aGreek language$xStyle 606 $aRhetoric, Ancient$vEarly works to 1800 615 0$aGreek language$xStyle. 615 0$aRhetoric, Ancient 676 $a885/.01 700 $aLibanius$0172673 701 $aGibson$b Craig A.$f1968-$0979280 801 0$bMiAaPQ 801 1$bMiAaPQ 801 2$bMiAaPQ 906 $aBOOK 912 $a9910777915303321 996 $aLibanius's Progymnasmata$92232408 997 $aUNINA